000
00225nam a22000857a 4500
008
170621b xxu||||| |||| 00| 0 eng d
100
_9
3612
_a
Jewel. R
245
_a
Dictionary of food & nutrition
260
_a
New Delhi
_b
A. P. H
_c
2009
999
_c
7000
_d
7000